| 000 | 00371nam a2200157Ia 4500 | ||
|---|---|---|---|
| 005 | 20250324043637.0 | ||
| 008 | 240331s9999 xx 000 0 und d | ||
| 082 |
_bRAJ _a894 |
||
| 100 | _aRajanarayanan, K | ||
| 245 | 0 | _aKoththai paruththi | |
| 250 | _a2nd | ||
| 260 |
_aShivagangai _bAkaram Achagam _c1991 |
||
| 300 | _a130 p ., | ||
| 650 | _aShort Stories | ||
| 942 | _cL | ||
| 999 |
_c4148 _d4148 |
||